00533nam a2200169Ia 4500003000400000008004100004040001600045082001600061100002200077245013900099260004000238300000800278650001900286650001600305650002100321650002100342GCL140319s9999 xx 000 0 eng d aGCL / cGCL04a628.55bB P1 aBOULDING, RUSSELL10aPRACTICAL HANDBOOK OF SOIL, VADOSE ZONE AND GROUND WATER CONTAMINATION : ASSESSMENT, PRREVENTION AND REMEDIATION / cBOULDING, RUSSELL a[S.N] : bLEWIS PUBLISHRS ، c1995 a94804aSOIL POLLUTION04aGROUNDWATER04aSOIL REMEDIATION04aZONE OF AERATION